Highways, (Record no. 554290)

000 -LEADER
fixed length control field 00538nam a22001457a 4500
020 ## - INTERNATIONAL STANDARD BOOK NUMBER
International Standard Book Number 978-0727759931
082 ## - DEWEY DECIMAL CLASSIFICATION NUMBER
Classification number 625.7
Author Mark FLA
-- NUST-02-p-99
100 ## - MAIN ENTRY--PERSONAL NAME
Personal name Flaherty ,Coleman O'
9 (RLIN) 51741
245 ## - TITLE STATEMENT
Title Highways,
Remainder of title The Location, Design, Construction and Maintenance of Road Pavements
Statement of responsibility, etc. David Hughes , Edited by Coleman A. O'Flaherty
250 ## - EDITION STATEMENT
Edition statement 5 th ed.
260 ## - PUBLICATION, DISTRIBUTION, ETC.
Place of publication, distribution, etc. London, United Kingdom
Name of publisher, distributor, etc. ICE Publishing.
Date of publication, distribution, etc. 2015
300 ## - PHYSICAL DESCRIPTION
Extent xxvi, 583p.
Dimensions 156 x 234 x 25.4mm | 1,016.05g
526 ## - STUDY PROGRAM INFORMATION NOTE
Program name 0
Interest level 0
Reading level 0
Title point value 625_700000000000000_FLA
942 ## - ADDED ENTRY ELEMENTS (KOHA)
Source of classification or shelving scheme
Koha item type Book
Holdings
Withdrawn status Lost status Source of classification or shelving scheme Damaged status Not for loan Permanent Location Current Location Date acquired Cost, normal purchase price Total Checkouts Full call number Barcode Date last seen Price effective from Koha item type
          Military College of Engineering (MCE) Military College of Engineering (MCE) 09/03/2019 7804.92   625.7 FLA MCE-51088 09/03/2019 03/14/2021 Book
© 2023 Central Library, National University of Sciences and Technology. All Rights Reserved.